[Event "BL2-West 1920"]
[Site "Germany"]
[Date "2020.03.01"]
[Round "7.6"]
[White "Schuh, Dirk"]
[Black "Hobusch, Jan"]
[Result "1/2-1/2"]
[WhiteElo "2351"]
[BlackElo "2231"]
[PlyCount "141"]
[EventDate "2019.09.19"]
[EventType "team-tourn"]
[EventRounds "9"]
[EventCountry "GER"]
[SourceTitle "EXT 2023"]
[Source "ChessBase"]
[SourceDate "2022.10.05"]
[SourceVersion "1"]
[SourceVersionDate "2022.10.05"]
[SourceQuality "1"]
[WhiteTeam "Duesseldorf"]
[BlackTeam "Solingen II"]
[WhiteTeamCountry "GER"]
[BlackTeamCountry "GER"]

1. e4 c6 2. Nc3 d5 3. Nf3 Bg4 4. h3 Bxf3 5. Qxf3 e6 6. Be2 Nf6 7. 0-0 Bd6 8. d4 dxe4 9. Nxe4 Nxe4 10. Qxe4 Nd7 11. Rd1 Nf6 12. Qf3 0-0 13. a4 Qa5 14. c4 Rfd8 15. h4 Be7 16. h5 h6 17. Bd2 Qf5 18. Qxf5 exf5 19. Be1 Rd7 20. Rd3 Rad8 21. Rad1 Ne4 22. f3 Nf6 23. g4 fxg4 24. fxg4 Ne4 25. b4 Bf6 26. d5 cxd5 27. Bf3 Re8 28. Rxd5 Rxd5 29. cxd5 Nd6 30. Bf2 b6 31. Rc1 Rc8 32. Rc6 Rxc6 33. dxc6 Bd8 34. Kf1 Kf8 35. Ke2 Ke7 36. Bd4 f6 37. Bd5 Bc7 38. Kd3 Ne8 39. Bc3 Bb8 40. Be4 Be5 41. Bd2 Nd6 42. Be3 Kd8 43. Bd5 Kc7 44. Kc2 Nc8 45. Be6 Ne7 46. b5 Kd6 47. Bb3 Kc7 48. Kd3 Bd6 49. Ke4 Bh2 50. Bd4 Bd6 51. Bf7 Bh2 52. Bb2 Bg3 53. Kf3 Bh2 54. Ke4 Bg3 55. Be6 Bd6 56. Bf5 Bc5 57. g5 hxg5 58. Bxf6 gxf6 59. h6 Nxf5 60. Kxf5 Bf8 61. h7 Bg7 62. Kg6 Bh8 63. Kf5 Kd6 64. Kg4 Ke6 65. Kh5 Bg7 66. Kg6 Bh8 67. Kh5 Kd6 68. Kg4 Kc7 69. Kf5 Kd6 70. Kg4 Ke6 71. Kh5 1/2-1/2

[Event "BEL-chT 1920"]
[Site "Belgium"]
[Date "2020.02.02"]
[Round "7.2"]
[White "Godart, Francois"]
[Black "Schuh, Dirk"]
[Result "1/2-1/2"]
[WhiteElo "2439"]
[BlackElo "2348"]
[PlyCount "73"]
[EventDate "2019.09.29"]
[EventType "team-tourn"]
[EventRounds "11"]
[EventCountry "BEL"]
[SourceTitle "CBM 195 Extra"]
[Source "ChessBase"]
[SourceDate "2020.05.31"]
[SourceVersion "1"]
[SourceVersionDate "2020.05.31"]
[SourceQuality "1"]
[WhiteTeam "Liege Crelel"]
[BlackTeam "KSK47 Eynatten"]
[WhiteTeamCountry "BEL"]
[BlackTeamCountry "BEL"]

1. d4 Nf6 2. Nf3 g6 3. g3 b6 4. Bg2 Bb7 5. 0-0 Bg7 6. c4 0-0 7. Nc3 Ne4 8. Nxe4 Bxe4 9. Be3 c5 10. Qd2 d6 11. Bh6 Nc6 12. Bxg7 Kxg7 13. d5 Bxf3 14. Bxf3 Ne5 15. Bg2 Kg8 16. b3 b5 17. f4 Nd7 18. Bh3 Rb8 19. f5 Kg7 20. fxg6 hxg6 21. Bxd7 Qxd7 22. Rf4 bxc4 23. bxc4 Rh8 24. Raf1 f6 25. Qe3 Rh5 26. Re4 Re5 27. Rxe5 fxe5 28. Qf3 Qf5 29. Qxf5 gxf5 30. Rxf5 Rb2 31. Kf2 Rxa2 32. h4 Rc2 33. Rg5+ Kh7 34. Rh5+ Kg7 35. Rg5+ Kh7 36. Rh5+ Kg7 37. Rg5+ 1/2-1/2

[Event "BEL-chT 1920"]
[Site "Belgium"]
[Date "2019.12.01"]
[Round "5.2"]
[White "Hausrath, Daniel"]
[Black "Schuh, Dirk"]
[Result "1-0"]
[WhiteElo "2466"]
[BlackElo "2348"]
[PlyCount "57"]
[EventDate "2019.09.29"]
[EventType "team-tourn"]
[EventRounds "11"]
[EventCountry "BEL"]
[SourceTitle "CBM 195 Extra"]
[Source "ChessBase"]
[SourceDate "2020.05.31"]
[SourceVersion "1"]
[SourceVersionDate "2020.05.31"]
[SourceQuality "1"]
[WhiteTeam "Wirtzfeld"]
[BlackTeam "KSK47 Eynatten"]
[WhiteTeamCountry "BEL"]
[BlackTeamCountry "BEL"]

1. Nf3 c5 2. g3 b6 3. Bg2 Bb7 4. 0-0 Nf6 5. d3 g6 6. e4 d6 7. Nbd2 Bg7 8. a4 0-0 9. Nc4 Nc6 10. Re1 Nd7 11. Bg5 h6 12. Bd2 a6 13. Qc1 Kh7 14. h4 b5 15. Ne3 e6 16. Ng4 h5 17. Ng5+ Kg8 18. Nh2 Nce5 19. Qd1 f6 20. Nh3 Qe8 21. c3 Nc6 22. axb5 axb5 23. Rxa8 Bxa8 24. Nf4 e5 25. Nd5 Qb8 26. g4 c4 27. gxh5 gxh5 28. Qxh5 Nc5 29. Ng4 1-0

[Event "BEL-chT 1920"]
[Site "Belgium"]
[Date "2019.11.17"]
[Round "4.4"]
[White "Dardha, Arben"]
[Black "Schuh, Dirk"]
[Result "1/2-1/2"]
[WhiteElo "2286"]
[BlackElo "2348"]
[PlyCount "23"]
[EventDate "2019.09.29"]
[EventType "team-tourn"]
[EventRounds "11"]
[EventCountry "BEL"]
[SourceTitle "CBM 195 Extra"]
[Source "ChessBase"]
[SourceDate "2020.05.31"]
[SourceVersion "1"]
[SourceVersionDate "2020.05.31"]
[SourceQuality "1"]
[WhiteTeam "Fontaine"]
[BlackTeam "KSK47 Eynatten"]
[WhiteTeamCountry "BEL"]
[BlackTeamCountry "BEL"]

1. Nf3 Nf6 2. c4 b6 3. Nc3 Bb7 4. d4 g6 5. g3 Bg7 6. Bg2 0-0 7. 0-0 Ne4 8. Nxe4 Bxe4 9. Bg5 c5 10. Qd2 cxd4 11. Nxd4 Bxg2 12. Kxg2 1/2-1/2

[Event "BL2-West 1920"]
[Site "Germany"]
[Date "2019.10.20"]
[Round "2.5"]
[White "Schuh, Dirk"]
[Black "Christensen, Niels"]
[Result "1-0"]
[WhiteElo "2348"]
[BlackElo "2286"]
[PlyCount "75"]
[EventDate "2019.09.19"]
[EventType "team-tourn"]
[EventRounds "9"]
[EventCountry "GER"]
[SourceTitle "EXT 2023"]
[Source "ChessBase"]
[SourceDate "2022.10.05"]
[SourceVersion "1"]
[SourceVersionDate "2022.10.05"]
[SourceQuality "1"]
[WhiteTeam "Duesseldorf"]
[BlackTeam "Dortmund Hansa"]
[WhiteTeamCountry "GER"]
[BlackTeamCountry "GER"]

1. e4 c5 2. c3 Nf6 3. e5 Nd5 4. d4 cxd4 5. Nf3 d6 6. cxd4 Nc6 7. Bc4 Nb6 8. Bb5 dxe5 9. Nxe5 Bd7 10. Nxd7 Qxd7 11. 0-0 Rd8 12. Nc3 e6 13. a4 a6 14. Bxc6 Qxc6 15. Bg5 Be7 16. Bxe7 Kxe7 17. Rc1 Qd7 18. Qb3 Nd5 19. Qa3+ Ke8 20. Nxd5 Qxd5 21. Rc7 Qd6 22. Qxd6 Rxd6 23. Rfc1 g5 24. Rxb7 Kf8 25. Rcc7 Kg7 26. Rxf7+ Kg6 27. Rg7+ Kh6 28. Rgd7 Rd8 29. Rxh7+ Kg6 30. h4 Rxd4 31. Rbg7+ Kf6 32. Rf7+ Ke5 33. hxg5 Rxa4 34. g6 Rg4 35. g7 Rg8 36. f3 Rg6 37. g4 Kd4 38. Kf2 1-0

[Event "Dortmund Sparkassen op 47th"]
[Site "Dortmund"]
[Date "2019.07.19"]
[Round "7"]
[White "Schuh, Dirk"]
[Black "Savchenko, Daniel"]
[Result "1-0"]
[WhiteElo "2372"]
[BlackElo "2168"]
[PlyCount "65"]
[EventDate "2019.07.13"]
[EventType "swiss"]
[EventRounds "9"]
[EventCountry "GER"]
[SourceTitle "EXT 2020"]
[Source "ChessBase"]
[SourceDate "2019.10.17"]
[SourceVersion "1"]
[SourceVersionDate "2019.10.17"]
[SourceQuality "1"]

1. e4 c5 2. c3 d5 3. exd5 Qxd5 4. d4 Nf6 5. Nf3 e6 6. Be3 cxd4 7. cxd4 Nc6 8. a3 Be7 9. Nc3 Qd8 10. Bd3 0-0 11. 0-0 b6 12. Re1 Bb7 13. Bc2 Rc8 14. Qd3 Qd7 15. d5 exd5 16. Bg5 g6 17. Rxe7 Qxe7 18. Nxd5 Nxd5 19. Bxe7 Ncxe7 20. Qd2 Nf6 21. Bb3 Kg7 22. Ne5 Rcd8 23. Qc3 Rc8 24. Qb4 Rc5 25. Re1 Nf5 26. h3 Rc7 27. Ng4 Nd7 28. Qf4 Rc5 29. Rd1 Bc6 30. Ba2 Re8 31. b4 Rc2 32. Bb1 Re4 33. Qc7 1-0

[Event "BL2-West 1718"]
[Site "Germany"]
[Date "2018.04.15"]
[Round "9.3"]
[White "Schuh, Dirk"]
[Black "Vandenbussche, Thibaut"]
[Result "1-0"]
[WhiteElo "2379"]
[BlackElo "2401"]
[PlyCount "111"]
[EventDate "2017.10.08"]
[EventType "team-tourn"]
[EventRounds "9"]
[EventCountry "GER"]
[SourceTitle "EXT 2019"]
[Source "ChessBase"]
[SourceDate "2018.10.10"]
[SourceVersion "1"]
[SourceVersionDate "2018.10.10"]
[SourceQuality "1"]
[WhiteTeam "Duesseldorf"]
[BlackTeam "Aachen SV"]
[WhiteTeamCountry "GER"]
[BlackTeamCountry "GER"]

1. e4 d6 2. Nc3 g6 3. d4 Bg7 4. f4 Nc6 5. Nf3 Bg4 6. Be3 e6 7. Be2 Nge7 8. 0-0 0-0 9. h3 Bxf3 10. Bxf3 d5 11. e5 f6 12. g4 Na5 13. Na4 Nc4 14. Bc1 b6 15. b3 Na5 16. Be3 c5 17. c3 Qc7 18. Qd2 c4 19. b4 Nac6 20. Nb2 fxe5 21. fxe5 Rf7 22. Bg2 Raf8 23. Rxf7 Rxf7 24. Rf1 Rxf1+ 25. Bxf1 b5 26. a4 a6 27. Bg5 Nc8 28. a5 Qf7 29. Qf4 Qf8 30. Bf6 Nd6 31. Bg2 Bxf6 32. exf6 Qd8 33. Nd1 Nf7 34. g5 Qd6 35. Qe3 Qd7 36. h4 Nd6 37. Bh3 Kf7 38. Nf2 Qc8 39. Qf3 Qc7 40. Bg4 Qd8 41. Nh3 Qb8 42. Nf4 Nd8 43. Bxe6+ Nxe6 44. Qxd5 Qe8 45. Qxd6 Nxg5 46. Qc7+ Kxf6 47. hxg5+ Kf5 48. Qe5+ Qxe5 49. dxe5 Kxe5 50. Ne2 Ke4 51. Nd4 Kd3 52. Nxb5 axb5 53. a6 Kxc3 54. a7 Kb2 55. a8Q c3 56. Qh8 1-0

[Event "Werther Schloss op 24th"]
[Site "Werther"]
[Date "2018.03.25"]
[Round "6"]
[White "Kekelidze, Mikheil"]
[Black "Schuh, Dirk"]
[Result "0-1"]
[WhiteElo "2383"]
[BlackElo "2371"]
[PlyCount "124"]
[EventDate "2018.03.22"]
[EventType "swiss"]
[EventRounds "7"]
[EventCountry "GER"]
[SourceTitle "CBM 183 Extra"]
[Source "ChessBase"]
[SourceDate "2018.04.19"]
[SourceVersion "1"]
[SourceVersionDate "2018.04.19"]
[SourceQuality "1"]

1. e4 c5 2. Nf3 Nc6 3. Bb5 Nf6 4. Nc3 Qc7 5. 0-0 Nd4 6. a4 a6 7. Bc4 e6 8. d3 Ng4 9. g3 Nxf3+ 10. Qxf3 Ne5 11. Qe2 Nxc4 12. dxc4 Be7 13. Bf4 Qc6 14. Rfd1 g5 15. Bc1 d6 16. Qh5 h6 17. f4 Bf6 18. Qf3 Bd4+ 19. Kg2 g4 20. Qxg4 Bxc3 21. bxc3 Qxe4+ 22. Qf3 Qxf3+ 23. Kxf3 Ke7 24. Rb1 Bd7 25. Rxb7 Rhb8 26. Rxb8 Rxb8 27. f5 e5 28. f6+ Ke6 29. Bxh6 Rh8 30. Bg7 Rxh2 31. Bf8 Kf5 32. Rxd6 Be6 33. g4+ Kxf6 34. Rxa6 Rh3+ 35. Ke4 Rh4 36. Kf3 Rh3+ 37. Ke4 Rg3 38. Bxc5 Rxg4+ 39. Ke3 Rg3+ 40. Kd2 Kf5 41. a5 Bxc4 42. Rb6 Rg8 43. Rd6 Rg6 44. Rd8 Ke4 45. Kc1 f5 46. Kb2 Rc6 47. Bb6 Kf3 48. Rh8 f4 49. Rh3+ Kg2 50. Rh5 e4 51. Re5 Kf3 52. Bd4 e3 53. Rh5 Re6 54. Rh1 Kg2 55. Re1 e2 56. Kc1 f3 57. Rg1+ Kh2 58. Bf2 Rd6 59. Rg4 Rd1+ 60. Kb2 Rf1 61. Rh4+ Kg2 62. Rxc4 Kxf2 0-1

[Event "Werther Schloss op 24th"]
[Site "Werther"]
[Date "2018.03.25"]
[Round "7"]
[White "Schuh, Dirk"]
[Black "Hilverda, Alexander"]
[Result "1-0"]
[WhiteElo "2371"]
[BlackElo "2364"]
[PlyCount "41"]
[EventDate "2018.03.22"]
[EventType "swiss"]
[EventRounds "7"]
[EventCountry "GER"]
[SourceTitle "CBM 183 Extra"]
[Source "ChessBase"]
[SourceDate "2018.04.19"]
[SourceVersion "1"]
[SourceVersionDate "2018.04.19"]
[SourceQuality "1"]

1. e4 e5 2. Nf3 Nc6 3. Nc3 Nf6 4. d4 exd4 5. Nxd4 Bc5 6. Nxc6 bxc6 7. Bd3 0-0 8. 0-0 h6 9. e5 Nd5 10. Nxd5 cxd5 11. Qh5 d6 12. Bxh6 gxh6 13. Qxh6 f5 14. exf6 Rxf6 15. Qh7+ Kf8 16. Qh8+ Ke7 17. Qg7+ Rf7 18. Rfe1+ Be6 19. Rxe6+ Kxe6 20. Re1+ Kd7 21. Bb5+ 1-0

[Event "Werther Schloss op 24th"]
[Site "Werther"]
[Date "2018.03.23"]
[Round "3"]
[White "Schuh, Dirk"]
[Black "Pollmueller, Michael"]
[Result "1-0"]
[WhiteElo "2371"]
[BlackElo "2074"]
[PlyCount "77"]
[EventDate "2018.03.22"]
[EventType "swiss"]
[EventRounds "7"]
[EventCountry "GER"]
[SourceTitle "CBM 183 Extra"]
[Source "ChessBase"]
[SourceDate "2018.04.19"]
[SourceVersion "1"]
[SourceVersionDate "2018.04.19"]
[SourceQuality "1"]

1. e4 c6 2. c4 d5 3. exd5 cxd5 4. cxd5 Nf6 5. Nc3 Nxd5 6. Nf3 e6 7. Bc4 Nxc3 8. bxc3 Be7 9. 0-0 0-0 10. Re1 Qc7 11. Bb3 Nc6 12. d4 Bd7 13. Ng5 Qa5 14. Ne4 Rac8 15. Re3 Rfd8 16. Rg3 Be8 17. Bh6 g6 18. Bg5 Bxg5 19. Rxg5 Qc7 20. Qf3 Qe7 21. Rg3 Na5 22. Qf4 f5 23. Nd2 Nxb3 24. axb3 b5 25. b4 Qd6 26. Qh6 e5 27. Rxa7 Rd7 28. Rxd7 Qxd7 29. dxe5 Qd5 30. Qe3 f4 31. Qxf4 Rc4 32. Qe3 Rc7 33. Rg4 Qa2 34. h4 Qa1+ 35. Kh2 Rxc3 36. Qd4 Qc1 37. Rf4 Qb2 38. Qd6 Qa2 39. Qf8# 1-0

[Event "BL2-West 1718"]
[Site "Germany"]
[Date "2018.01.21"]
[Round "5.3"]
[White "Kipper, Jens"]
[Black "Schuh, Dirk"]
[Result "1/2-1/2"]
[WhiteElo "2370"]
[BlackElo "2379"]
[PlyCount "71"]
[EventDate "2017.10.08"]
[EventType "team-tourn"]
[EventRounds "9"]
[EventCountry "GER"]
[SourceTitle "CBM 183 Extra"]
[Source "ChessBase"]
[SourceDate "2018.04.19"]
[SourceVersion "1"]
[SourceVersionDate "2018.04.19"]
[SourceQuality "1"]
[WhiteTeam "Koblenz"]
[BlackTeam "Duesseldorf"]
[WhiteTeamCountry "GER"]
[BlackTeamCountry "GER"]

1. Nf3 g6 2. d4 Nf6 3. c4 d6 4. Nc3 Bf5 5. e3 Bg7 6. Be2 0-0 7. 0-0 Ne4 8. Nxe4 Bxe4 9. Ng5 Bc6 10. f4 e5 11. dxe5 dxe5 12. Qxd8 Rxd8 13. fxe5 Be8 14. e6 f6 15. c5 Rd5 16. Ne4 f5 17. Bc4 Re5 18. Ng5 Nc6 19. e4 Na5 20. exf5 gxf5 21. Bd3 Bg6 22. Bf4 Rd5 23. Rad1 Bxb2 24. Bxc7 Rxc5 25. Bxa5 Rxa5 26. g4 f4 27. Bxg6 hxg6 28. Rxf4 Re8 29. h4 Rxa2 30. Rd7 Be5 31. Rff7 Rc8 32. Rd1 Ra1 33. Rxa1 Bxa1 34. Rxb7 Re8 35. Kf2 Bf6 36. Rxa7 1/2-1/2

[Event "BL2-West 1617"]
[Site "Germany"]
[Date "2017.05.08"]
[Round "9.1"]
[White "Markus, Robert"]
[Black "Schuh, Dirk"]
[Result "1-0"]
[WhiteElo "2660"]
[BlackElo "2357"]
[PlyCount "75"]
[EventDate "2016.10.16"]
[EventType "team-tourn"]
[EventRounds "9"]
[EventCountry "GER"]
[SourceTitle "EXT 2018"]
[Source "ChessBase"]
[SourceDate "2017.10.13"]
[SourceVersion "1"]
[SourceVersionDate "2017.10.13"]
[SourceQuality "1"]
[WhiteTeam "Dortmund Hansa"]
[BlackTeam "Duesseldorf"]
[WhiteTeamCountry "GER"]
[BlackTeamCountry "GER"]

1. d4 d5 2. c4 e6 3. Nf3 Nf6 4. g3 Bb4+ 5. Bd2 Be7 6. Bg2 0-0 7. 0-0 c6 8. Qc2 b6 9. Rd1 Nbd7 10. Bf4 Bb7 11. Ne5 Rc8 12. Nc3 b5 13. c5 Nxe5 14. Bxe5 Nd7 15. Bf4 g5 16. Be3 f5 17. b4 Qe8 18. a4 a6 19. axb5 cxb5 20. Qb3 Qf7 21. c6 Bxc6 22. Rxa6 f4 23. Bd2 Kh8 24. e4 dxe4 25. Nxe4 f3 26. Rxc6 Rxc6 27. Bf1 Qf5 28. Nc5 Nxc5 29. dxc5 e5 30. Bxb5 Rh6 31. Bf1 Rh5 32. Bc3 Bf6 33. Rd6 g4 34. Qd5 Qb1 35. Rxf6 Rxf6 36. Bxe5 Rxe5 37. Qxe5 Kg7 38. c6 1-0

[Event "BL2-West 1617"]
[Site "Germany"]
[Date "2017.03.19"]
[Round "7.2"]
[White "Schuh, Dirk"]
[Black "Rezasade, Amir"]
[Result "1/2-1/2"]
[WhiteElo "2368"]
[BlackElo "2320"]
[PlyCount "77"]
[EventDate "2016.10.16"]
[EventType "team-tourn"]
[EventRounds "9"]
[EventCountry "GER"]
[SourceTitle "EXT 2018"]
[Source "ChessBase"]
[SourceDate "2017.10.13"]
[SourceVersion "1"]
[SourceVersionDate "2017.10.13"]
[SourceQuality "1"]
[WhiteTeam "Duesseldorf"]
[BlackTeam "Muelheim II"]
[WhiteTeamCountry "GER"]
[BlackTeamCountry "GER"]

1. d4 d5 2. Bf4 e6 3. e3 Bd6 4. Bg3 Bxg3 5. hxg3 Qd6 6. c3 Nd7 7. Nf3 Ngf6 8. Nbd2 e5 9. dxe5 Nxe5 10. Nxe5 Qxe5 11. Qg4 Bd7 12. Qf4 Qxf4 13. gxf4 0-0-0 14. Nf3 Be6 15. Bd3 h6 16. Nd4 c5 17. Nxe6 fxe6 18. f3 Rhe8 19. g4 e5 20. g5 hxg5 21. fxg5 Nd7 22. Rh7 Re7 23. Bf5 Kc7 24. Ke2 Nb6 25. b3 Rf8 26. Bg6 d4 27. c4 Nc8 28. Rah1 Nd6 29. Rh8 Rxh8 30. Rxh8 Nf7 31. Bxf7 Rxf7 32. Rg8 Kd6 33. g6 Rd7 34. Kd3 Ke6 35. Rf8 Ke7 36. Rf7+ Ke6 37. Rf8 Ke7 38. Rf5 Ke6 39. Rf8 1/2-1/2

[Event "BL2-West 1617"]
[Site "Germany"]
[Date "2016.11.20"]
[Round "2.2"]
[White "Kotainy, Jens"]
[Black "Schuh, Dirk"]
[Result "1/2-1/2"]
[WhiteElo "2400"]
[BlackElo "2368"]
[PlyCount "51"]
[EventDate "2016.10.16"]
[EventType "team-tourn"]
[EventRounds "9"]
[EventCountry "GER"]
[SourceTitle "EXT 2018"]
[Source "ChessBase"]
[SourceDate "2017.10.13"]
[SourceVersion "1"]
[SourceVersionDate "2017.10.13"]
[SourceQuality "1"]
[WhiteTeam "Bochum"]
[BlackTeam "Duesseldorf"]
[WhiteTeamCountry "GER"]
[BlackTeamCountry "GER"]

1. e4 e5 2. Bc4 Nf6 3. d3 c6 4. Nf3 Be7 5. c3 d6 6. Nbd2 0-0 7. Bb3 Nbd7 8. 0-0 Nc5 9. Bc2 Bg4 10. h3 Bh5 11. Re1 Ne6 12. Nf1 Nd7 13. Ng3 Bxf3 14. Qxf3 g6 15. Be3 Bg5 16. d4 Bxe3 17. fxe3 c5 18. Rad1 Qb6 19. Ba4 Rad8 20. Qf2 Qc7 21. Rf1 Nb6 22. Bb3 c4 23. Bc2 f6 24. Qe2 Ng7 25. Rf3 Rc8 26. Qf2 1/2-1/2

[Event "Oberliga NRW 1516"]
[Site "Germany"]
[Date "2015.12.20"]
[Round "4.5"]
[White "Kummerow, Heiko"]
[Black "Schuh, Dirk"]
[Result "0-1"]
[WhiteElo "2217"]
[BlackElo "2323"]
[PlyCount "120"]
[EventDate "2015.09.27"]
[EventType "team-tourn"]
[EventRounds "9"]
[EventCountry "GER"]
[SourceTitle "EXT 2017"]
[Source "ChessBase"]
[SourceDate "2016.10.25"]
[SourceVersion "1"]
[SourceVersionDate "2016.10.25"]
[SourceQuality "1"]
[WhiteTeam "Oberhausen"]
[BlackTeam "Duesseldorf"]
[WhiteTeamCountry "GER"]
[BlackTeamCountry "GER"]

1. e4 e5 2. Nf3 Nc6 3. d4 exd4 4. Nxd4 Nf6 5. Nxc6 bxc6 6. e5 Qe7 7. Qe2 Nd5 8. c4 Nb6 9. Nc3 Qe6 10. Qe4 g6 11. Bd3 Bg7 12. f4 0-0 13. 0-0 Ba6 14. c5 Bxd3 15. Qxd3 Nd5 16. Bd2 Rab8 17. b3 Nb4 18. Qf3 f6 19. exf6 Qxf6 20. Rac1 Qf5 21. Ne4 Nd5 22. Kh1 Nf6 23. Rc4 Nxe4 24. Qxe4 Rbe8 25. Qxf5 Rxf5 26. Re1 Rxe1+ 27. Bxe1 Rd5 28. Kg1 Rd4 29. Rxd4 Bxd4+ 30. Bf2 Bb2 31. Kf1 Kf7 32. Bh4 Ke6 33. Bd8 Ba3 34. Ke2 Bxc5 35. Bxc7 Kd5 36. Kd3 Bg1 37. h3 Bh2 38. Ke3 Bg1+ 39. Kd3 Bh2 40. Ke3 g5 41. Kf3 Bxf4 42. Bxf4 gxf4 43. Kxf4 Kd4 44. g4 Kc3 45. h4 d5 46. g5 d4 47. h5 d3 48. g6 hxg6 49. hxg6 d2 50. g7 d1Q 51. g8Q Qd4+ 52. Kf3 Qd5+ 53. Qxd5 cxd5 54. Ke2 Kb2 55. b4 Kxa2 56. b5 Kb3 57. Kd3 Kb4 58. Kd4 Kxb5 59. Kxd5 a5 60. Kd4 Kb4 0-1

[Event "Munsterland op 33rd"]
[Site "Senden"]
[Date "2015.10.17"]
[Round "9"]
[White "Schuh, Dirk"]
[Black "Terhuven, Patrick"]
[Result "1-0"]
[WhiteElo "2360"]
[BlackElo "2138"]
[PlyCount "75"]
[EventDate "2015.10.10"]
[EventType "swiss"]
[EventRounds "9"]
[EventCountry "GER"]
[SourceTitle "CBM 168 Extra"]
[Source "ChessBase"]
[SourceDate "2015.10.29"]
[SourceVersion "1"]
[SourceVersionDate "2015.10.29"]
[SourceQuality "1"]

1. e4 e5 2. Nf3 Nc6 3. Bc4 Bc5 4. c3 Nf6 5. d3 a6 6. 0-0 d6 7. Bb3 Ba7 8. h3 h6 9. Re1 g5 10. Be3 g4 11. hxg4 Bxg4 12. Bxa7 Rxa7 13. d4 Nh5 14. Bd5 Qf6 15. Bxc6+ bxc6 16. dxe5 dxe5 17. Re3 Nf4 18. Qb3 0-0 19. Nbd2 Kh8 20. Qc4 Rg8 21. g3 Raa8 22. Kh2 Rad8 23. Rh1 Nh3 24. Qf1 Ng5 25. Kg2 Rd6 26. Nxg5 Qxg5 27. Nf3 Bxf3+ 28. Rxf3 Qg4 29. Qe2 Rgd8 30. Qe3 Kg7 31. Rf5 Rg6 32. Rxe5 Rdd6 33. Rf5 Rde6 34. Qf3 Qxf3+ 35. Kxf3 Rd6 36. Ke2 Rg5 37. Rh5 f6 38. Rhxg5+ 1-0

[Event "Pardubice Czech op-A 26th"]
[Site "Pardubice"]
[Date "2015.07.30"]
[Round "7"]
[White "Schuh, Dirk"]
[Black "Karas, Marek"]
[Result "0-1"]
[WhiteElo "2370"]
[BlackElo "2227"]
[PlyCount "52"]
[EventDate "2015.07.24"]
[EventType "swiss"]
[EventRounds "9"]
[EventCountry "CZE"]
[SourceTitle "CBM 167 Extra"]
[Source "ChessBase"]
[SourceDate "2015.09.14"]
[SourceVersion "1"]
[SourceVersionDate "2015.09.14"]
[SourceQuality "1"]

1. e4 e6 2. d4 d5 3. Nd2 Nf6 4. Bd3 c5 5. c3 Nc6 6. Ngf3 cxd4 7. cxd4 dxe4 8. Nxe4 Bb4+ 9. Nc3 0-0 10. 0-0 b6 11. a3 Be7 12. Re1 Bb7 13. Bc2 h6 14. Bf4 Bd6 15. Ne5 Bb8 16. Qf3 Qc8 17. Qe3 Nxe5 18. dxe5 Nd5 19. Qd3 f5 20. exf6 Rxf6 21. Bxb8 Qxb8 22. Ne4 Rf7 23. Qh3 Qe5 24. b4 Nf4 25. Qg4 h5 26. Qg3 Ne2+ 0-1

[Event "Dortmund Sparkassen op-A"]
[Site "Dortmund"]
[Date "2015.06.29"]
[Round "3"]
[White "Schmitz, Philipp"]
[Black "Schuh, Dirk"]
[Result "0-1"]
[WhiteElo "2195"]
[BlackElo "2370"]
[PlyCount "56"]
[EventDate "2015.06.27"]
[EventType "swiss"]
[EventRounds "9"]
[EventCountry "GER"]
[SourceTitle "CBM 167 Extra"]
[Source "ChessBase"]
[SourceDate "2015.09.14"]
[SourceVersion "1"]
[SourceVersionDate "2015.09.14"]
[SourceQuality "1"]

1. e4 e5 2. Nf3 Nc6 3. d4 exd4 4. Nxd4 Bc5 5. Be3 Qf6 6. Nb5 Bxe3 7. fxe3 Qh4+ 8. g3 Qxe4 9. Nxc7+ Kd8 10. Nxa8 Nf6 11. Nc3 Qxh1 12. Qd6 Qf3 13. Kd2 Ne4+ 14. Nxe4 Qxe4 15. Nc7 Qe5 16. Nb5 Qxb2 17. Qc7+ Ke7 18. Qd6+ Kd8 19. Qc7+ Ke7 20. Qd6+ Ke8 21. Qc7 Qb4+ 22. c3 Qb2+ 23. Ke1 Qxa1+ 24. Kf2 Qxa2+ 25. Kg1 Qa5 26. Qf4 f6 27. Nd6+ Ke7 28. Nf5+ Kd8 0-1

[Event "Oberliga NRW 1415"]
[Site "Germany"]
[Date "2015.04.26"]
[Round "9.2"]
[White "Zwirs, Nico"]
[Black "Schuh, Dirk"]
[Result "0-1"]
[WhiteElo "2323"]
[BlackElo "2322"]
[PlyCount "70"]
[EventDate "2014.09.14"]
[EventType "team-tourn"]
[EventRounds "9"]
[EventCountry "GER"]
[SourceTitle "EXT 2017"]
[Source "ChessBase"]
[SourceDate "2016.10.25"]
[SourceVersion "1"]
[SourceVersionDate "2016.10.25"]
[SourceQuality "1"]
[WhiteTeam "Muelheim Nord II"]
[BlackTeam "Duesseldorf"]
[WhiteTeamCountry "GER"]
[BlackTeamCountry "GER"]

1. e4 e5 2. Nf3 Nc6 3. Bc4 Nf6 4. d3 Be7 5. 0-0 0-0 6. Re1 d6 7. a4 Be6 8. Nbd2 Na5 9. Bxe6 fxe6 10. b4 Nc6 11. c3 Qe8 12. Qb3 Nd8 13. d4 Nh5 14. dxe5 Nf4 15. Qc4 Qg6 16. g3 Nc6 17. Ra2 Qg4 18. b5 Nxe5 19. Nxe5 Nh3+ 20. Kh1 Nxf2+ 21. Kg2 dxe5 22. Rf1 Qh3+ 23. Kg1 Ng4 24. Nf3 Rf7 25. Rg2 Raf8 26. Qe2 Bc5+ 27. Kh1 Qh5 28. Nd2 Nf2+ 29. Rgxf2 Qxe2 30. Rxe2 Rxf1+ 31. Nxf1 Rxf1+ 32. Kg2 Rxc1 33. Rd2 Rxc3 34. Rd8+ Kf7 35. Rd7+ Be7 0-1